LEADER 00556nab a2200145 i 4500 001 000000263024 003 CaOOAMICUS 005 20051116000000.0 008 051116n xx uu u0 0und r 013 $a4523 040 $aSeMil$bita 245 10$aPrésence des Églises chrétiennes en Terre Sainte. - Titolo principale dalla copertina. 500 $a1er février 2004 (N°2307). 773 0 $t[2004.$dParis : Bayard, 2004.$w()141393 996 $6245$aPrésence des Églises chrétiennes en Terre Sainte. - Titolo principale dalla copertina.$9(OLS)http://semarc/title/356297 LEADER 00944nam a2200241 i 4500 001 000000058373 003 CaOOAMICUS 005 20091015000000.0 008 091015s1973 it u000 u ita u 013 $a29545 040 $aSeMil$bita 100 1 $aMajo, Angelo Giuseppe,$c.$0(OLS)http://semarc/name/3746 245 10$aAppunti di morale cristiana /$cAngelo Majo. 250 $a3. edizione rinnovata. 260 $aMilano :$bUniversità Cattolica del Sacro Cuore,$c1973. 300 $a159 p. ;$c19 cm. 500 $aContiene : Cenno bibliografico. 650 4$aMorale.$0(OLS)http://semarc/subject/2260 850 $aSeMil 852 $aSeMil$W1$xVenegono$y1$m3D IV 202$j24526$B24526$CSeMilBibl$Z2$F24529 $81 961 $aOmaggio: Donazione 996 $6245$aAppunti di morale cristiana$9(OLS)http://semarc/title/90987 996 $6260$aMilano :$bUniversità Cattolica del Sacro Cuore$9(OLS)http://semarc/publisher/32888